[Event "11th Kings Blitz 2017"]
[Site "Medias ROU"]
[Date "2017.11.28"]
[Round "2.2"]
[White "Karjakin, Sergey"]
[Black "Deac, Bogdan-Daniel"]
[Result "1-0"]
[WhiteTitle "GM"]
[BlackTitle "GM"]
[WhiteElo "2760"]
[BlackElo "2566"]
[WhiteFideId "14109603"]
[BlackFideId "1226380"]
[EventDate "2017.11.28"]

1. e4 e5 2. Nf3 Nc6 3. Bb5 a6 4. Ba4 Nf6 5. O-O Be7 6. Re1 b5 7. Bb3 O-O 8. a4
b4 9. d4 d6 10. dxe5 Nxe5 11. Nbd2 Ned7 12. Bc4 a5 13. b3 Nb6 14. Bd3 Nfd7 15.
Bb2 Nc5 16. Nc4 Nbd7 17. Bf1 Bb7 18. e5 dxe5 19. Nfxe5 Nb6 20. Qh5 Bf6 21. Rad1
Qc8 22. Nxb6 cxb6 23. Rd6 Be7 24. Ng4 Bxd6 25. Nf6+ gxf6 26. Bxf6 Be4 27. Qh6
Ne6 28. Rxe4 Qxc2 29. Rg4+ Qg6 30. h4 Rac8 31. g3 Rc2 32. Bd3 Rc3 33. Bxg6 fxg6
34. Rxg6+ 1-0

[Event "11th Kings Blitz 2017"]
[Site "Medias ROU"]
[Date "2017.11.28"]
[Round "5.2"]
[White "Ivanchuk, Vassily"]
[Black "Deac, Bogdan-Daniel"]
[Result "1/2-1/2"]
[WhiteTitle "GM"]
[BlackTitle "GM"]
[WhiteElo "2729"]
[BlackElo "2566"]
[WhiteFideId "14100010"]
[BlackFideId "1226380"]
[EventDate "2017.11.28"]

1. d4 Nf6 2. c4 e6 3. Nc3 Bb4 4. f3 c5 5. a3 cxd4 6. axb4 dxc3 7. e4 Qc7 8. bxc3
O-O 9. Bg5 d5 10. Bxf6 gxf6 11. exd5 exd5 12. c5 b6 13. Ne2 bxc5 14. Qxd5 Bb7
15. Qxc5 Qxc5 16. bxc5 Nd7 17. c6 Bxc6 18. Nd4 Bb7 19. Ba6 Bxa6 20. Rxa6 Rfb8
21. O-O Rb6 22. Ra5 a6 23. Rfa1 h6 24. Rh5 Rc8 25. Ra3 Kh7 26. Nf5 Kg6 27. g4
Rh8 28. Ne7+ Kg7 29. Rha5 Ne5 30. Nf5+ Kg6 31. Rxa6 Rxa6 32. Rxa6 Nxf3+ 33. Kg2
Ne5 34. Kg3 h5 35. h3 hxg4 36. hxg4 Rh1 37. Ne3 Rg1+ 38. Kf4 Nd3+ 39. Kf3 Ne5+
40. Kf4 Nd3+ 41. Ke4 1/2-1/2

[Event "11th Kings Blitz 2017"]
[Site "Medias ROU"]
[Date "2017.11.28"]
[Round "6.2"]
[White "Deac, Bogdan-Daniel"]
[Black "Karjakin, Sergey"]
[Result "0-1"]
[WhiteTitle "GM"]
[BlackTitle "GM"]
[WhiteElo "2566"]
[BlackElo "2760"]
[WhiteFideId "1226380"]
[BlackFideId "14109603"]
[EventDate "2017.11.28"]

1. d4 Nf6 2. c4 e6 3. g3 Bb4+ 4. Bd2 Be7 5. Bg2 d5 6. Nf3 O-O 7. Qc2 c6 8. O-O
Nbd7 9. b3 Ne4 10. Bc1 f5 11. Nfd2 Qe8 12. Nc3 Qh5 13. Ndxe4 fxe4 14. f3 Bf6 15.
e3 exf3 16. Bxf3 Qe8 17. Bd2 b6 18. cxd5 cxd5 19. Nxd5 Ba6 20. Nxf6+ Nxf6 21.
Bxa8 Qxa8 22. Bb4 Rc8 23. Qd2 Bxf1 24. Rxf1 Qe4 25. Bd6 Rc2 0-1

[Event "11th Kings Blitz 2017"]
[Site "Medias ROU"]
[Date "2017.11.28"]
[Round "8.2"]
[White "Karjakin, Sergey"]
[Black "Deac, Bogdan-Daniel"]
[Result "1-0"]
[WhiteTitle "GM"]
[BlackTitle "GM"]
[WhiteElo "2760"]
[BlackElo "2566"]
[WhiteFideId "14109603"]
[BlackFideId "1226380"]
[EventDate "2017.11.28"]

1. e4 e5 2. Nf3 Nc6 3. Bc4 Bc5 4. c3 Nf6 5. d3 a6 6. a4 O-O 7. b4 Ba7 8. Bg5 d6
9. O-O Ne7 10. Nh4 Ng6 11. Nxg6 hxg6 12. Na3 Qe8 13. Nc2 Be6 14. Qf3 Bxc4 15.
dxc4 Qe6 16. Qd3 Nh5 17. Be3 Nf4 18. Bxf4 exf4 19. Nd4 Qf6 20. a5 Rfe8 21. Rfe1
g5 22. h3 Re7 23. Re2 Qg6 24. Rae1 Rae8 25. Nf3 g4 26. hxg4 Qxg4 27. e5 dxe5 28.
Rxe5 Rxe5 29. Rxe5 Rxe5 30. Nxe5 Qg3 31. Qd8+ Kh7 32. Qd2 f6 33. c5 Qg5 34. Qd3+
Kg8 35. Qd5+ Kh7 36. Qe4+ f5 37. Qxb7 f3 38. Qxf3 Qc1+ 1-0

[Event "11th Kings Blitz 2017"]
[Site "Medias ROU"]
[Date "2017.11.28"]
[Round "10.2"]
[White "Karjakin, Sergey"]
[Black "Ivanchuk, Vassily"]
[Result "1-0"]
[WhiteTitle "GM"]
[BlackTitle "GM"]
[WhiteElo "2760"]
[BlackElo "2729"]
[WhiteFideId "14109603"]
[BlackFideId "14100010"]
[EventDate "2017.11.28"]

1. e4 c5 2. Nf3 d6 3. d4 cxd4 4. Nxd4 Nf6 5. Nc3 a6 6. Be3 e5 7. Nf3 Be7 8. Bc4
O-O 9. O-O Nc6 10. Re1 Be6 11. Nd5 Bxd5 12. exd5 Nb8 13. a4 Nbd7 14. a5 Ng4 15.
Bc1 f5 16. Bf1 Bf6 17. h3 Nh6 18. c4 Nf7 19. b4 Ng5 20. Nxg5 Bxg5 21. c5 Bxc1
22. Rxc1 Nf6 23. c6 Qc7 24. Qb3 e4 25. cxb7 Qxb7 26. Rc6 Rfb8 27. Rxd6 Qe7 28.
Rxa6 Rxa6 29. d6+ Qf7 30. Bc4 1-0

[Event "11th Kings Blitz 2017"]
[Site "Medias ROU"]
[Date "2017.11.28"]
[Round "12.2"]
[White "Deac, Bogdan-Daniel"]
[Black "Karjakin, Sergey"]
[Result "0-1"]
[WhiteTitle "GM"]
[BlackTitle "GM"]
[WhiteElo "2566"]
[BlackElo "2760"]
[WhiteFideId "1226380"]
[BlackFideId "14109603"]
[EventDate "2017.11.28"]
[EventType "blitz"]

1. d4 Nf6 2. c4 e6 3. Nc3 Bb4 4. Qc2 d6 5. Bd2 Nbd7 6. a3 Bxc3 7. Bxc3 a5 8. e4
e5 9. Nf3 Qe7 10. Bd3 a4 11. O-O O-O 12. Rfe1 b6 13. Nd2 c5 14. d5 Nh5 15. g3
Ndf6 16. b4 axb3 17. Qxb3 Bh3 18. f3 Nd7 19. Qc2 g6 20. Nf1 Qg5 21. Bd2 Qf6 22.
Be2 Qg7 23. Qc1 Rfe8 24. Bh6 Qf6 25. Bg5 Qg7 26. Bh6 Qf6 27. Bg5 Qh8 28. a4 Nhf6
29. Bh6 Ra6 30. Nd2 Rea8 31. Bd1 Ne8 32. Re3 Qf6 33. f4 exf4 34. gxf4 Bf5 35.
exf5 Qxf5 36. Qc2 Qf6 37. Ra2 Ng7 38. Ne4 Qd4 39. Ra3 Nf5 40. Qe2 Nxh6 41. Rd3
Qa1 42. Nxd6 Rf8 43. Re8 Ra8 44. Rxa8 Rxa8 45. Qe7 Nf6 46. f5 Rf8 47. a5 bxa5
48. Kg2 Qb2+ 49. Qe2 Qc1 50. Rb3 0-1